MDQL
is popping MORE tags! Check the
thread
!
Quizzes
Events
Quiz Creation
Community
Videos
Private Events
Remove Ads
Sign In
Join for FREE
Feedback
Dark Mode
Quiz Categories
Sports
Geography
Music
Movies
Television
Just For Fun
Miscellaneous
History
Literature
Language
Science
Gaming
Entertainment
Religion
Holiday
For Kids
Quiz Lab
Recent
Popular Today
Quiz Kudos Today
Editor Picks
Curator Picks
Quizzes by...
Day
Popularity
Type
Ratings
Length
Year
Community
Subscriptions
Recent Discussions
Orange Saloon
Badges
Playlists
Quests
Create
Leaderboards
Showdown
Live 5
Trivia Bingo
Activity
Puzzle Library
Sporcle Events
Private Events
Virtual Trivia
Globe League
Become a Host
Pub Owners
SporcleCon
Opinionation
Our Games
Videos
Blog
Mobile Apps
Partnerships
Remove Ads and Go Orange
Feedback
Just For Fun
Clickable
Get the Picture
Humor
Quick Pick
Word Ladder
Missing Word
Mixed Word
Blitz
Minefield
This or That
Alphabet
Color
Typing
Sporcle
Puzzle
Word Play
Follow That Line
Logic
Just For Fun
Clickable
Get the Picture
Humor
Quick Pick
Word Ladder
Missing Word
Mixed Word
Blitz
Minefield
This or That
Alphabet
Color
Typing
Sporcle
Puzzle
Word Play
Follow That Line
Logic
Random Quiz
Search Sporcle
×
Quiz Lab
Quiz Lab
Just For Fun
Teacher
Type in answers that appear in a list
Type in answers that appear in a list
Classic
Best Score? Go Orange.
TG Teachers 2 Stats
Can you name the TG nutcases??
By
assassinalex2011
6m
30 Questions
26 Plays
26 Plays
26 Plays
Comments
Comments
Give Quiz Kudos
Give Quiz Kudos
-
- Ratings
hide this ad
Replay
Link that replays current quiz
Next Quiz
Link to next quiz in quiz playlist
You Got
0%
They Got
Avg Score
28%
Avg Friend Score
Upgrade to see
Score Distribution
Jump to the score distribution portion of the page
Score
0/30
Timer
06:00
0
Plays Today
Teacher clues
% Correct
Australian Loony
Mr Brown
76.9%
Tennis Addict
Mr Harrison
57.7%
And just for the laugh.... An assassin on the last day of school (no, he's not a teacher)
Lee Scholes
53.8%
Ex-
teacher, mad scientist
Mr Faulkner
50%
Obi-
Wan
Mr Arabi
46.2%
Foxy-
Peodo
Mr Fox
46.2%
She's as big as a lunar lander
Miss Lander
46.2%
Mr Wua-
wua-
wua-
wua
Mr Wilson
42.3%
Noodles
Mrs Newlands
42.3%
Female Midget
Dr Barnfield
42.3%
Voldemort
Mr Walker
34.6%
GOOD GOD! I can't seem to win at Call of Duty!
Mr Goodwin
34.6%
Sandal Witch
Mrs Lyons
34.6%
Lee the gay mongole
Mr Gray
30.8%
Head Toad (Not Mrs Bexton-
Smith!)
Miss Cosnett
23.1%
Teacher clues
% Correct
Hedgehog
Mr Hodgkinson
23.1%
McDonalds Happy Meal
Miss Burgess
23.1%
Spotty Freak
Mr Mitchell
19.2%
Head Retard (this time it really is the head)
Mrs Bexton-Smith
19.2%
Brussel Sprouts
Mr Desruelles
15.4%
Chinese Mongole
Wee
15.4%
Irish ****
Miss McCallion
15.4%
'Errrrr, you shouldn't be in here!'
Lab Assisstant
11.5%
Fat Bitch
LRC Crazy Lady
11.5%
Terrosist
Mr Dodey
11.5%
Donald Duck
Mr Carol
11.5%
Stupid Cow
LRC Crazy Lady 2
7.7%
Ginger Dwarf
Mrs Stone-Fewings
7.7%
Gay Boy
Mr Nailor
7.7%
Just a plain retard who should go and die!
Reception Lady
3.8%
Quiz Playlist
Details
Report
Send in Message
Add To Playlist
Classic:
Type in answers that appear in a list
Last Updated: Feb 16, 2017
Quiz Scoreboard
CHALLENGE
Sign Up to Join the Scoreboard
Show All
Scores
Hide
Comments
May contain spoilers
Recently Published
1-10 Letter E Words III
by El_Dandy
Language
2m
Street Fighter Characters
by Artimus82
Gaming
60s
College Basketball Coaching Resumes
by pancakes188
Sports
9m
More to Explore
Quiz From the Vault
Featured Blog Post
Where Did the Easter Bunny Come From?
hide this ad
You Might Also Like...
Tags
Teacher
Today's Top Quizzes in Just For Fun
Browse Just For Fun
hide this ad
Today's Top Quizzes in Teacher
Browse Teacher
Top Contributed Quizzes in Just For Fun
1
Name Just One - 10 to 1: Just For Fun
2
Killer Double Trees 224 - Colour Match-Up
3
Spring Typing Challenge
4
Crossword Whiteout! 49
5
Zeroing In: Just For Fun
6
Survivor Winners Logic Puzzle
7
Word Ladder: Ahoy Matey
8
Word Ladder: Wilderness Weapon
9
Clickable Animal Jokes #2
10
Kyle's 122nd Triple Trees
Explore More
Trending Topics
Marvel
Harry Potter
NBA
Kpop
Crossword
Anime
Disney
Pokémon
Soccer
The Office
Country
Puzzle
WWE
Song
NFL
hide this ad
More By:
assassinalex2011
Quiz
Plays
Rating
Category
Featured
Created
TG Students
42
Just For Fun
Sep 20, 2011
TG Teachers 2
26
Just For Fun
Sep 19, 2011
TG Teachers
3
Just For Fun
Sep 19, 2011
Go to Creator's Profile
Score Distribution
Quiz Creator Spotlight
assassinalex2011
Follow
Send a Message
Quizzes Created
-
Created Quiz Play Count
-
More By This Creator
Popular Quizzes Today
1
Find the US States - No Outlines Minefield
2
Find the Countries of Europe - No Outlines Minefield
3
The Countries of the World
4
Find the US States
5
Risky Map Clicking: Biggest States A-Z
6
US States
7
Popular People in 1961
8
Movies - When Are They Set?
More Just For Fun Quizzes
Killer Double Trees 51 - Colour Mis-Match
Quiz Lab
Trending Quizzes
Risky Map Clicking: Least Populous States A-Z
1-10 Letter G Words
Countries of the World: 200 Million BC
1-10 Letter F Words
Risky Map Clicking: Next State Alphabetically
Recently Updated
Largest US Cities 1790-2010
pecheneg
Rides in Walt Disney World
pecheneg
Most Oscar Losses (Acting)
pecheneg
Beyoncé Albums
pecheneg
Leaping Animals
pecheneg
Reality TV Shows (A-Z)
bhenderson79
Rickey Henderson's Hall of Fame Teammates
pecheneg
Champions League XIs: Arsenal
pecheneg
Quick Pick: Celebrities in WWE's Hall of Fame
aduchscher
A-Z Keypad Blitz II
pecheneg
Trending Topics
Anime
NBA
Kpop
Marvel
Disney
Crossword
Harry Potter
Song
Puzzle
Country
The Office
WWE
NFL
Soccer
Pokémon
Your Account Isn't Verified!
In order to create a playlist on Sporcle, you need to verify the email address you used during registration. Go to your
Sporcle Settings
to finish the process.
Report this User
Report this user for behavior that violates our
Community Guidelines
.
Details:
Send Report
Go to the Sporcle.com Mobile Site →
Comments